000 00557nam a22001577a 4500
003 OSt
005 20240410121923.0
008 240410b |||||||| |||| 00| 0 eng d
040 _cCentral Library MRSPTU
100 _aDr. Parmjit Singh (ਡਾ. ਪਰਮਜੀਤ ਸਿੰਘ)
245 _aUdasi : Ik Sadran Satethi To Le ke Gambir Rog Takk (ਉਦਾਸੀ ਇੱਕ ਸਧਾਰਣ ਤੋਂ ਲੈ ਕੇ ਗੰਭੀਰ ਰੋਗ ਤੱਕ)
250 _a1st
260 _aBarnala
_bTarkbharti Parkashan
_c1998
300 _a38
942 _2ddc
_cBK
_n0
999 _c10019
_d10019